KTH in your pocket 2005 a guide to research projects at KTH,Stockholm (Record no. 2564)

000 -LEADER
fixed length control field 00453nam a22001337a 4500
020 ## - INTERNATIONAL STANDARD BOOK NUMBER
International Standard Book Number 9171781544
082 ## - DEWEY DECIMAL CLASSIFICATION NUMBER
Classification number 011.51
100 ## - MAIN ENTRY--PERSONAL NAME
Personal name Kungliga Tekniska
245 ## - TITLE STATEMENT
Title KTH in your pocket 2005 a guide to research projects at KTH,Stockholm
260 ## - PUBLICATION, DISTRIBUTION, ETC.
Place of publication, distribution, etc. Stockholm
Name of publisher, distributor, etc. Kungliga Tekniska
Date of publication, distribution, etc. 2004
300 ## - PHYSICAL DESCRIPTION
Extent 644p
942 ## - ADDED ENTRY ELEMENTS (KOHA)
Koha item type Book
Holdings
Withdrawn status Lost status Damaged status Not for loan Collection code Permanent Location Current Location Shelving location Date acquired Total Checkouts Full call number Barcode Date last seen Price effective from Koha item type
          Central Library (CL) Central Library (CL) Reference 01/28/2016   011.51 KTH S3H-N-1 01/28/2016 11/18/2016 Book
© 2023 Central Library, National University of Sciences and Technology. All Rights Reserved.